| 000 | 00372nam a2200145Ia 4500 | ||
|---|---|---|---|
| 008 | 230312s9999||||xx |||||||||||||| ||und|| | ||
| 020 | _a0-07-146983-8 | ||
| 082 |
_a620.2 _bGIB-A |
||
| 100 | _aGibilisco;Stan | ||
| 245 | 0 | _aAudio DeMystified a self-teaching guide | |
| 260 |
_bMcgraw hill _aIndia _c2007 |
||
| 300 | _a319 | ||
| 650 |
_aEngineering _vAvionics |
||
| 942 | _cBK | ||
| 999 |
_c12342 _d12342 |
||